Liberalizácia poľnohospodárskeho obchodu v kontexte multifunkčnosti

Výzva pre poľnohospodárske politiky krajín v súčasnosti - nájsť opatrenia, ktoré sú odpoveďou na očakávania verejnosti, sú efektívne, udržateľné a kompatibilné s liberalizáciou obchodu. Liberalizácia poľnohospodárskeho obchodu v rámci WTO. Rokovania a dohody v oblasti poľnohospodárskeho obchodu. Pož...

Descripción completa

Guardado en:
Detalles Bibliográficos
Autor principal: Lacek, Dušan
Otros Autores: Obedová, Martina
Formato: Capítulo de libro
Lenguaje:eslovaco
Materias:
Etiquetas: Agregar Etiqueta
Sin Etiquetas, Sea el primero en etiquetar este registro!

MARC

LEADER 00000naa$a2200000$$$4500
001 0102749
005 20240502072120.6
041 0 |a slo 
044 |a SK 
245 1 0 |a Liberalizácia poľnohospodárskeho obchodu v kontexte multifunkčnosti  |c Dušan Lacek, Martina Obedová 
520 |a Výzva pre poľnohospodárske politiky krajín v súčasnosti - nájsť opatrenia, ktoré sú odpoveďou na očakávania verejnosti, sú efektívne, udržateľné a kompatibilné s liberalizáciou obchodu. Liberalizácia poľnohospodárskeho obchodu v rámci WTO. Rokovania a dohody v oblasti poľnohospodárskeho obchodu. Požiadavka trvaloudržateľnosti a multifunkčnosti. 
610 2 0 |a poľnohospodárstvo 
610 2 0 |a politika poľnohospodárska 
610 2 0 |a obchod 
610 2 0 |a organizácie medzinárodné 
610 2 0 |a dohody medzinárodné 
610 2 0 |a rozvoj trvalo udržateľný 
610 2 0 |a efektívnosť 
610 2 0 |a liberalizácia 
100 1 |a Lacek, Dušan 
700 1 |a Obedová, Martina